00260nam a2200121Ia 4500008004100000100000900041245002100050260002500071300000800096650001000104942000700114999001700121190216s9999||||xx |||||||||||||| ||und|| aNull 0aHindi-Bikalp Hin bPragathi Prakashan a115 aHindi cBK c15659d15659